Záhadné bínske valy Bol to tábor kráľa Štefana I.?

Bibliographic Details
Main Author: Habovštiak, Alojz, 1932-2000 (Author)
Format: Article
Language:Slovak
PhysicalDescription:Obr. 1
Subjects:

MARC

LEADER 00000nab a2200000 a 4500
001 vtls000480010
003 SK-MaSNL
005 20260303182915.0
008 230217c1993 xo 0 slo
015 |a SNBRB19rr/mm-uuuuu 
035 |a CL0480145 
035 |a urn:nbn:sk:snk-ab1jek 
035 |a (urnnbn)urn:nbn:sk:snk:ar-0045s8 
035 |a (uuid)2e26ef74-bade-41cc-af5f-2de8e700c6e3 
040 |a SNKBUCL  |b slo  |c SNKBUCL  |e AACR2 
041 0 |a slo 
044 |a xo  |c SK 
080 |a 904"08/12":728.8:911.373:902  |2 1981 
080 |a 728.8  |2 1981 
080 |a 902  |2 1981 
100 1 |a Habovštiak, Alojz,  |d 1932-2000  |4 aut  |9 82975 
245 1 0 |a Záhadné bínske valy  |b Bol to tábor kráľa Štefana I.?  |c Alojz Habovštiak 
300 |b Obr. 1 
648 7 |a 9.-13. stor  |2 SNK  |9 490514 
650 0 7 |a sídliská (archeológia)  |2 snkbucl  |9 67918 
650 0 7 |a archeologické výskumy  |2 SNKPH  |9 74796 
651 7 |a Bíňa (Slovensko)  |2 snkbucl  |9 87489 
655 7 |a články z novín a časopisov  |2 snkbucl  |9 267496 
773 0 |t Historická revue  |g Roč. 4, č. 1 (1993), s. 5-6 
850 |a Slovenská národná knižnica v Martine  |a MTA001 
852 |a SNK  |b KIS3GCP 
954 |a odborná, vedecká literatúra pôvodná (slovenská)  |2 lita 
957 |a 5207 
958 |a RK 
958 |a OND 
958 |a EUIPO 
958 |a article27 
992 |a RBX 
999 |c 2118613  |d 2120543